000
00356nam a2200157Ia 4500
999
_c
202
_d
202
003
OSt
005
20200311044721.0
008
200302s9999 xx 000 0 und d
020
_a
9788176710039
100
_a
R. Barry
245
_a
The Construction of Buildings Vol 3
260
_b
Granada Publishing
260
_c
1977
300
_a
105 P.,
942
_2
ddc